000 00276nam a22001337a 4500
008 170308b xxu||||| |||| 00| 0 eng d
020 _a0721621996
041 _aeng
080 _a611
100 _a6
101 _aSHM
245 _aNEURO ANATONY
_cBURT.A.M
942 _2udc
_cBK
999 _c7064
_d7064